Wszyscy piłkarze w Premier League 2024/25 - Statystyki

Ogólne statystyki
  • Ten quiz został rozwiązany 124 razy
    123 od ostatniego zresetowania
  • Średni wynik to 106 z 526
Statystyki odpowiedzi
Klub Narodowość Piłkarz % Poprawnych
Wolverhampton Portugalia PJosé Sá
92%
Polska Jakub Kiwior
88%
Dania Chido Obi-Martin
86%
Arsenal Francja William Saliba
86%
Norwegia Martin Ødegaard
83%
Aston Villa Polska Matty Cash
81%
Brazylia Gabriel Martinelli
79%
Anglia Bukayo Saka
76%
Ghana Thomas Partey
76%
Ukraina Ołeksandr Zinczenko
73%
Hiszpania David Raya
72%
Brazylia Gabriel Jesus
72%
Argentyna Emiliano Martínez
71%
Niemcy Kai Havertz
71%
Egipt Mohamed Salah
71%
Belgia Leandro Trossard
69%
Argentyna Lisandro Martínez
69%
Szkocja Kieran Tierney
67%
Norwegia Erling Haaland
65%
Szkocja Andrew Robertson
63%
Anglia Declan Rice
63%
Holandia Micky van de Ven
62%
Japonia Takehiro Tomiyasu
62%
Holandia Jurriën Timber
60%
Włochy Riccardo Calafiori
60%
Anglia Ben White
59%
Anglia Joe White
59%
Włochy Jorginho
59%
Hiszpania Mikel Merino
59%
Anglia Morgan Gibbs-White
59%
Anglia Marcus Rashford
58%
Belgia Amadou Onana
56%
Kamerun André Onana
56%
Belgia Kevin De Bruyne
56%
Holandia Virgil van Dijk
56%
Liverpool Brazylia Alisson Becker
54%
Portugalia Bruno Fernandes
54%
Anglia Cole Palmer
54%
Anglia Rico Lewis
54%
Urugwaj Darwin Núñez
53%
Francja Ibrahima Konaté
53%
Anglia Ollie Watkins
53%
Kolumbia Luis Díaz
51%
Brazylia Neto
51%
Portugalia Pedro Neto
51%
Portugalia PoPedro Neto
51%
Chelsea Hiszpania Robert Sánchez
51%
Anglia Trent Alexander-Arnold
51%
Dania Christian Eriksen
50%
Węgry Dominik Szoboszlai
50%
Chorwacja Mateo Kovačić
50%
Hiszpania Rodri
50%
Manchester City Portugalia Rúben Dias
50%
Argentyna Alexis Mac Allister
49%
Chile Ben Brereton Díaz
49%
Portugalia Bernardo Silva
49%
Kamerun Bryan Mbeumo
49%
Anglia Eberechi Eze
49%
Chorwacja Joško Gvardiol
49%
Portugalia Mateus Fernandes
49%
Portugalia Diogo Jota
47%
Brazylia Ederson
47%
Brazylia Gabriel Magalhães
47%
Korea Płd. Heung-min Son
47%
Belgia Jérémy Doku
47%
Anglia Phil Foden
47%
Belgia Youri Tielemans
47%
Holandia Cody Gakpo
46%
Anglia Jack Grealish
46%
Szkocja John McGinn
46%
Everton Anglia Jordan Pickford
46%
Szwecja Alexander Isak
45%
Anglia Jamie Vardy
45%
Japonia Wataru Endō
45%
Włochy Federico Chiesa
44%
Polska Jan Bednarek
44%
Portugalia Jota Silva
44%
Szwajcaria Manuel Akanji
44%
Hiszpania Marc Cucurella
44%
Ukraina Mychajło Mudryk
44%
Holandia Nathan Aké
44%
Dania Rasmus Højlund
44%
Fulham Niemcy Bernd Leno
42%
Anglia Ezri Konsa
42%
Anglia Joe Gomez
42%
Anglia John Stones
42%
Grecja Kostas Tsimikas
42%
Jamajka Leon Bailey
42%
Anglia Luke Shaw
42%
Ekwador Moisés Caicedo
42%
Senegal Nicolas Jackson
42%
Argentyna Alejandro Garnacho
41%
Francja Lucas Digne
41%
West Ham Polska Łukasz Fabiański
41%
Holandia Matthijs de Ligt
41%
Anglia Raheem Sterling
41%
Anglia Aaron Ramsdale
40%
Anglia Harry Maguire
40%
Maroko Noussair Mazraoui
40%
Hiszpania Sergio Gómez
40%
WKS Amad Diallo
38%
Anglia Curtis Jones
38%
Argentyna Enzo Fernández
38%
Anglia Reece James
38%
Holandia Ryan Gravenberch
38%
Meksyk Edson Álvarez
37%
Polska Jakub Moder
36%
Anglia Jadon Sancho
36%
Holandia Joshua Zirkzee
36%
Hiszpania Marco Asensio
36%
Brazylia Casemiro
35%
Crystal Palace Anglia Dean Henderson
35%
Włochy Guglielmo Vicario
35%
Japonia Kaoru Mitoma
35%
Urugwaj Manuel Ugarte
35%
Brazylia Richarlison
35%
Szwecja Victor Lindelöf
35%
Hiszpania Pau Torres
33%
Irlandia Płn. Conor Bradley
32%
Portugalia Diogo Dalot
32%
Anglia Kieran Trippier
32%
Polska Oliwier Zych
32%
Czechy Tomáš Souček
32%
Irlandia Caoimhín Kelleher
31%
Argentyna Cristian Romero
31%
Anglia Harvey Elliott
31%
Anglia Jacob Ramsey
31%
Polska Jakub Stolarczyk
31%
Anglia Marc Guéhi
31%
Norwegia Oscar Bobb
31%
Senegal Ismaïla Sarr
29%
Brazylia João Pedro
29%
Anglia Kobbie Mainoo
29%
Newcastle Utd. Słowacja Martin Dúbravka
29%
Senegal Pape Matar Sarr
29%
Hiszpania Pedro Porro
29%
Anglia Tyrone Mings
29%
Dania Christian Nørgaard
28%
Francja Christopher Nkunku
28%
Anglia Noni Madueke
28%
Szwecja Robin Olsen
28%
Włochy Sandro Tonali
28%
DRK Yoane Wissa
28%
Anglia Aaron Wan-Bissaka
27%
Hiszpania Adama Traoré
27%
Francja Alphonse Areola
27%
Anglia Anthony Gordon
27%
Francja Axel Disasi
27%
Brighton Holandia Bart Verbruggen
27%
Nowa Zelandia Chris Wood
27%
Anglia James Tarkowski
27%
Irlandia Płn. Jonny Evans
27%
Francja Malo Gusto
27%
Anglia Mason Mount
27%
Brazylia Matheus Cunha
27%
Anglia Morgan Rogers
27%
Anglia Nathan Wood
27%
Mali Boubacar Traoré
26%
Holandia Donyell Malen
26%
Brazylia João Gomes
26%
Portugalia Matheus Nunes
26%
Dania Patrick Dorgu
26%
Ukraina Witalij Mykołenko
26%
Anglia Ben Johnson
24%
Walia Brennan Johnson
24%
Brazylia Bruno Guimarães
24%
Szwajcaria Fabian Schär
24%
Anglia James Maddison
24%
Rumunia Radu Drăgușin
24%
Francja Benoît Badiashile
23%
Francja Boubacar Kamara
23%
Anglia Callum Wilson
23%
Anglia Dominic Solanke
23%
Anglia Emile Smith Rowe
23%
Walia Harry Wilson
23%
Brazylia Joelinton
23%
Anglia Kiernan Dewsbury-Hall
23%
Ekwador Pervis Estupiñán
23%
Niemcy Stefan Ortega
23%
Anglia Ben Chilwell
22%
Leicester City Walia Danny Ward
22%
Szwecja Dejan Kulusevski
22%
Dania Filip Jørgensen
22%
Anglia Levi Colwill
22%
Hiszpania Marc Guiu
22%
Dania Mathias Jørgensen
22%
Paragwaj Miguel Almirón
22%
Ghana Mohammed Kudus
22%
Meksyk Raúl Jiménez
22%
Anglia Trevoh Chalobah
22%
Czechy Vladimír Coufal
22%
Manchester Utd. Turcja Altay Bayındır
21%
Szwecja Anthony Elanga
21%
Anglia Danny Welbeck
21%
Argentyna Emiliano Buendía
21%
Portugalia João Félix
21%
Francja Leny Yoro
21%
Anglia Liam Delap
21%
Anglia Nick Pope
21%
Niemcy Timo Werner
21%
Francja Wesley Fofana
21%
Nigeria Wilfred Ndidi
21%
Hiszpania Bryan Gil
19%
Wlochy Destiny Udogie
19%
Argentyna Guido Rodríguez
19%
Anglia Ivan Toney
19%
Francja Jean-Philippe Mateta
19%
Brazylia Lucas Paquetá
19%
Jamajka Michail Antonio
19%
Dania Mikkel Damsgaard
19%
Anglia Ross Barkley
19%
Anglia Dan Burn
18%
Anglia Harvey Barnes
18%
Anglia Joe Willock
18%
Jamajka Kalvin Phillips
18%
Zambia Patson Daka
18%
Nigeria Alex Iwobi
17%
Albania Armando Broja
17%
Kolumbia Daniel Muñoz
17%
Holandia Ian Maatsen
17%
Senegal Idrissa Gueye
17%
Kolumbia Jefferson Lerma
17%
Anglia Kyle Walker-Peters
17%
Anglia Lewis Cook
17%
Anglia Lewis Dunk
17%
Anglia Lewis Hall
17%
Anglia Scott Carson
17%
Bournemouth Anglia Steve Cook
17%
Mali Yves Bissouma
17%
Francja Abdoulaye Doucouré
15%
Anglia Adam Wharton
15%
Hiszpania Álex Moreno
15%
Brazylia Andreas Pereira
15%
Anglia Ben Mee
15%
Portugalia Beto
15%
Kamerun Carlos Baleba
15%
Mali Cheick Doucouré
15%
Irlandia Płn. Dermot Mee
15%
Irlandia Evan Ferguson
15%
Anglia James Milner
15%
Anglia Jarrod Bowen
15%
Anglia Michael Keane
15%
Brazylia Murillo
15%
Portugalia Ricardo Pereira
15%
Belgia Roméo Lavia
15%
Holandia Sven Botman
15%
Anglia Aaron Cresswell
14%
Irlandia Alex Murphy
14%
Anglia Ashley Young
14%
Walia Ben Davies
14%
Anglia Callum Hudson-Odoi
14%
Walia David Brooks
14%
Anglia Dominic Calvert-Lewin
14%
Anglia Harvey Davies
14%
Senegal Iliman Ndiaye
14%
Anglia Jacob Murphy
14%
Dania Jannik Vestergaard
14%
Grecja Konstandinos Mavropanos
14%
Gabon Mario Lemina
14%
Niemcy Pascal Groß
14%
Ghana Tariq Lamptey
14%
Brentford Szkocja Aaron Hickey
13%
Szkocja Billy Gilmour
13%
Anglia Eddie Nketiah
13%
Anglia Fraser Forster
13%
Anglia Harry Winks
13%
Holandia Joël Veltman
13%
Paragwaj Julio Enciso
13%
Niemcy Kevin Schade
13%
Francja Kurt Zouma
13%
Anglia Max Killman
13%
Anglia Max Kilman
13%
Serbia Nikola Milenković
13%
Anglia Oliver Skipp
13%
Algieria Rayan Aït-Nouri
13%
Portugalia Renato Veiga
13%
Anglia Tom Heaton
13%
Anglia Tosin Adarabioyo
13%
Czechy Vítězslav Jaroš
13%
Belgia Wout Faes
13%
Anglia Adam Webster
12%
Hiszpania Andrés García
12%
Ipswich Town Kosowo Arijanet Muric
12%
Bośnia Asmir Begović
12%
Anglia Ayden Heaven
12%
USA Chris Richards
12%
Japonia Daichi Kamada
12%
Anglia James Ward-Prowse
12%
Ghana Jordan Ayew
12%
Anglia Keane Lewis-Potter
12%
Francja Lesley Ugochukwu
12%
Irlandia Nathan Collins
12%
Serbia Saša Lukić
12%
Anglia Tino Livramento
12%
USA Antonee Robinson
10%
Włochy Cesare Casadei
10%
Anglia Elliot Anderson
10%
Jamajka Ethan Pinnock
10%
Anglia Jack Stephens
10%
Holandia Kenny Tete
10%
Holandia Lamare Bogarde
10%
Dania Mathias Jensen
10%
Niemcy Niclas Füllkrug
10%
Nigeria Ola Aina
10%
Hiszpania Pablo Sarabia
10%
Portugalia PNélson Semedo
10%
Urugwaj Rodrigo Bentancur
10%
Irlandia Séamus Coleman
10%
Anglia Sean Longstaff
10%
WKS Simon Adingra
10%
Anglia Stephy Mavididi
10%
Anglia Tyrick Mitchell
10%
Niemcy Vitaly Janelt
10%
Anglia Adam Armstrong
9%
Włochy Caleb Okoli
9%
Holandia Crysencio Summerville
9%
Anglia Danny Ings
9%
Anglia Harry Amass
9%
Anglia James Garner
9%
Anglia James Justin
9%
Holandia Jan Paul van Hecke
9%
Anglia Jarell Quansah
9%
Francja Jean-Clair Todibo
9%
Finlandia Lucas Bergström
9%
Dania Mads Hermansen
9%
Izrael Manor Solomon
9%
Anglia Nathaniel Clyne
9%
Szkocja Nathan Patterson
9%
Jamajka Omari Hutchinson
9%
Dania Philip Billing
9%
Dania Pierre Højbjerg
9%
Anglia Rob Holding
9%
Szkocja Tom Cairney
9%
Niemcy Armel Bella-Kotchap
8%
Brazylia Danilo
8%
Hiszpania Diego Costa
8%
Korea Płd. Hee-chan Hwang
8%
Polska Hubert Graczyk
8%
Francja Issa Diop
8%
Anglia Jack Fletcher
8%
Anglia Jaidon Anthony
8%
Norwegia Kristoffer Ajer
8%
Anglia Lloyd Kelly
8%
Anglia Luke Thomas
8%
Francja Maxence Lacroix
8%
Maroko Nayef Aguerd
8%
Austria Saša Kalajdžić
8%
Anglia Solly March
8%
Anglia Toby Collyer
8%
Anglia Adam Lallana
6%
Brazylia Carlos Vinícius
6%
Anglia Carney Chukwuemeka
6%
Maroko Chadi Riad
6%
Walia Chris Mepham
6%
Anglia Craig Dawson
6%
Anglia Elyh Harrison
6%
Włochy Emerson Palmieri
6%
Brazylia Emerson Royal
6%
Nigeria Emmanuel Dennis
6%
Brazylia Igor Julio
6%
Anglia Jack Harrison
6%
Dania Jesper Lindstrøm
6%
Anglia John Ruddy
6%
Hiszpania Jonny
6%
Anglia Marcus Bettinelli
6%
Anglia Tyler Dibling
6%
Anglia Tyler Morton
6%
Anglia Will Dennis
6%
Anglia Will Hughes
6%
WKS Willy Boly
6%
Japonia Yukinari Sugawara
6%
Anglia Alfie Whiteman
5%
Anglia Axel Tuanzebe
5%
Nigeria Calvin Bassey
5%
Dania Daniel Iversen
5%
Anglia Dwight McNeil
5%
Irlandia Gavin Bazunu
5%
Anglia Harrison Reed
5%
Anglia Joshua Wilson-Esbrand
5%
Anglia Kortney Hause
5%
Brazylia Matheus França
5%
Anglia Matthew Cox
5%
Belgia Matz Sels
5%
Argentyna Máximo Perrone
5%
Nottingham Brazylia Morato
5%
Iran Saman Ghoddos
5%
Niemcy Steven Benda
5%
Anglia Taylor Harwood-Bellis
5%
Anglia Wes Foderingham
5%
Ghana Abdul Fatawu
4%
Anglia Ben Pearson
4%
Francja Boubakary Soumaré
4%
Anglia Conor Coady
4%
Dania Emiliano Marcondes
4%
Szwecja Emil Krafth
4%
Argentyna Facundo Buonanotte
4%
Anglia Flynn Downes
4%
Nigeria Frank Onyeka
4%
Hiszpania Hugo Bueno
4%
Irlandia Jake O’Brien
4%
Anglia Jarrad Branthwaite
4%
Hiszpania Juan Larios
4%
Ghana Kamaldeen Sulemana
4%
Szwajcaria Kevin Mbabu
4%
Holandia Ki-Jana Hoever
4%
Irlandia Mark Travers
4%
Anglia Matt Targett
4%
Anglia Michael Golding
4%
Francja Odsonne Édouard
4%
Belgia Orel Mangala
4%
Anglia Ronnie Edwards
4%
Szkocja Ryan Fraser
4%
Anglia Ryan Sessegnon
4%
Mali Sékou Koné
4%
Portugalia Toti
4%
Dania William Osula
4%
Szkocja Andy Irving
3%
Maroko Bilal El Khannouss
3%
Jamajka Bobby Decordova-Reid
3%
Walia Fin Stevens
3%
Anglia Godwill Kukonki
3%
Anglia Jacob Graves
3%
Anglia Jamaal Lascelles
3%
Anglia James Bree
3%
Anglia James McAtee
3%
Anglia Jason Steele
3%
Anglia Josh Dasilva
3%
Brazylia Luis Guilherme
3%
USA Matt Turner
3%
Argentyna Nicolás Domínguez
3%
Grecja Odisseas Vlachodimos
3%
Nigeria Paul Onuachu
3%
Anglia Rico Henry
3%
Brazylia Rodrigo Muniz
3%
Anglia Ryan Yates
3%
Irlandia Sammie Szmodics
3%
Nigeria Taiwo Awoniyi
3%
Dania Victor Kristiansen
3%
Irlandia Will Smallbone
3%
Kolumbia Yerson Mosquera
3%
Anglia Brandon Austin
1%
Anglia Cameron Archer
1%
Anglia Charlie Taylor
1%
Anglia Conor Townsend
1%
Anglia Daniel Bentley
1%
Portugalia Daniel Podence
1%
Niemcy Eric da Silva Moreira
1%
Irlandia Gavin Kilkenny
1%
Anglia George Hirst
1%
Argentyna Giovani Lo Celso
1%
Anglia Habeeb Ogunneye
1%
Anglia Harry Clarke
1%
Anglia Jack Hinshelwood
1%
Irlandia Jack Moorhouse
1%
Anglia Jack Stacey
1%
Irlandia Jack Taylor
1%
Anglia Jayce Fitzgerald
1%
Portugalia João Virgínia
1%
Anglia Joel Ward (kapitan)
1%
Zimbabwe Jordan Zemura
1%
Anglia Kaden Rodney
1%
Anglia Kyle Taylor
1%
Anglia Leif Davis
1%
Anglia Lewis Miley
1%
Dania Mads Roerslev
1%
Anglia Omari Kellyman
1%
Paragwaj Ramón Sosa
1%
Szkocja Ross Stewart
1%
Irlandia Ryan Manning
1%
Egipt Sam Morsy
1%
Albania Thomas Strakosha
1%
Belgia Timothy Castagne
1%
Anglia Tyler Fredricson
1%
Argentyna Valentín Barco
1%
Irlandia Płn. William Murdock
1%
Argentyna Alejo Véliz
0%
Southampton Anglia Alex McCarthy
0%
Irak Ali Al-Hamadi
0%
Irlandia Andrew Omobamidele
0%
Holandia Arnaut Groeneveld
0%
Anglia Asher Agbinone
0%
Australia Cameron Burgess
0%
Anglia Cameron Humphreys
0%
Brazylia Carlos Miguel
0%
Portugalia Chiquinho
0%
Anglia Christian Walton
0%
Szkocja Cieran Slicker
0%
Anglia Conor Chaplin
0%
Jamajka Dexter Lembikisa
0%
Irlandia Franco Umeh-Chibueze
0%
Nigeria Freddie Ladapo
0%
Anglia George Edmundson
0%
Anglia Hamza Choudhury
0%
Anglia Harry Toffolo
0%
Anglia Jay Stansfield
0%
Ghana Jeff Schlupp
0%
Portugalia João Moutinho
0%
Nigeria Joe Aribo
0%
Irlandia Joe Hodge
0%
Anglia Joe Lumley
0%
Hiszpania Jorge Cuenca
0%
Irlandia Płn. Justin Devenny
0%
Irlandia Kasey McAteer
0%
Anglia Luke Woolfenden
0%
Irlandia Marcus Harness
0%
Anglia Mark Gillespie
0%
Australia Massimo Luongo
0%
WKS Maxwel Cornet
0%
Walia Nathan Broadhead
0%
Szwecja Pontus Jansson
0%
Anglia Remi Matthews
0%
Anglia Sam Amo-Ameyaw
0%
Anglia Sam Surridge
0%
Grenada Shandon Baptiste
0%
Anglia Tim Iroegbunam
0%
Kanada Tom McGill
0%
Walia Wes Burns
0%
Portugalia Youssef Chermiti
0%
Nie znaleziono quizów pasujących do podanych kryteriów
Rozkład punktacji
Procent ludzi z każdym wynikiem
Percentyl według liczby udzielonych odpowiedzi
Twoja historia wyników
Nie rozwiązałeś tego quizu od ostatniego zresetowania